MARC

LEADER 00000nam0a2200000 4500
001 285119
005 20231101235749.0
035 |a (RuTPU)RU\TPU\book\309323 
090 |a 285119 
100 |a 20150220d1976 k y0rusy50 ca 
101 0 |a rus 
102 |a RU 
105 |a a z 001zy 
200 1 |a Очерк металлогении Тихоокеанского рудного пояса  |f Е. А. Радкевич  |g Академия наук СССР (АН СССР), Дальневосточный научный центр (ДНЦ), Дальневосточный геологический институт (ДВГИ) 
210 |a Москва  |c Наука  |d 1976 
215 |a 93 с.  |c ил. 
320 |a Библиогр.: с. 70-76. 
606 1 |a Металлогения  |2 stltpush  |3 (RuTPU)RU\TPU\subj\42411  |9 62078 
610 1 |a Тихоокеанский пояс 
610 1 |a рудные месторождения 
610 1 |a тектоника 
610 1 |a магматизм 
610 1 |a рудная минерализация 
610 1 |a геохимические исследования 
675 |a 553.078  |v 3 
700 1 |a Радкевич  |b Е. А.  |g Екатерина Александровна 
712 0 2 |a Академия наук СССР (АН СССР)  |b Дальневосточный научный центр (ДНЦ)  |b Дальневосточный геологический институт (ДВГИ)  |c (Владивосток)  |2 stltpush  |3 (RuTPU)RU\TPU\col\11563 
801 1 |a RU  |b 63413507  |c 20150220 
801 2 |a RU  |b 63413507  |c 20150917  |g RCR 
942 |c BK